| 000 | 00962nam a2200253Ia 4500 | ||
|---|---|---|---|
| 003 | OSt | ||
| 005 | 20221005104144.0 | ||
| 006 | a|||||r|||| 00| 0 | ||
| 007 | ta | ||
| 008 | 221004b |||||||| |||| 00| 0 hin d | ||
| 024 | _a27016 | ||
| 037 |
_bGift, 17/05/2016, _cTextual |
||
| 040 |
_aCRL _cCRL _bhin |
||
| 041 |
_2hin _ahin |
||
| 082 | _aO152(Y15),6x, P3 | ||
| 100 | _aडालमिया, दिनेशनन्दिनी, संपा. | ||
| 245 | 0 | _aनये आयामों को तलाशती नारी | |
| 246 | _aNaye āyāmoan ko talāshatī nārī | ||
| 260 |
_aदिल्ली _bनवचेतन प्रकाशन भारत _c2003 |
||
| 300 |
_a158पृ0 _ccm. |
||
| 650 | _aहिन्दी साहित्य | ||
| 942 |
_hO152(Y15),6x, P3 _cTEXL _2cc |
||
| 999 |
_c1011885 _d1011885 |
||